000 00348nam a2200157Ia 4500
003 Ost
005 20260225132547.0
008 260225s9999||||xx |||||||||||||| ||und||
040 _cfsic
041 _afre
082 _a440
100 _aE.Daumas
_eAuteur
245 0 _aMoeurs et coutumes de l'Algérie /
245 0 _cE.Daumas
942 _cكتاب
999 _c33883
_d33883